Flaggen der Welt - Statistiken

Allgemein
  • Dieses Quiz wurde 329 mal gespielt
  • Das Durchschnittsergebnis liegt bei 19 aus 26
Antwortstatistiken
Bildquiz Antwort % Korrekt
USA
100%
Indien
96%
Albanien
93%
Argentinien
93%
Kanada
93%
Norwegen
93%
Saudi Arabien
93%
Bosnien
90%
Iran
87%
Kosovo
85%
Venezuela
83%
Paraguay
78%
Honduras
75%
Peru
71%
Kirgisistan
68%
Niger
65%
Burkina Faso
63%
Lesotho
62%
Madagaskar
62%
Palau
62%
Brunei
58%
Mikronesien
58%
Grenada
54%
Nauru
49%
Vanuatu
49%
VK
37%
Keine übereinstimmenden Quizze gefunden
Verteilung der Resultate
Anzahl Personen mit jedem Resultat
Perzentil nach korrekt beantworteten Fragen
Ihre Resultats-Entwicklung
Sie haben dieses Quiz noch nicht gespielt